000 00733nam a22002177a 4500
005 20150721150722.0
010 _aENG-113192
020 _a9789350350867
_c1395.00
035 _aEN-96724
037 _bDBAD/PUB
082 _a346.54066
100 _aRyder, Rodney D.
245 _aDrafting corporate and commercial agreements :
_cby Rodney D. Ryder ; assisted by V. Durga Rao
_blegal drafting guidelines, forms and precedents /
250 _a2nd ed
260 _aDelhi
_bUniversal Law Publishing
_c2011
270 _aA-58, G.T. Karnal Road Industrial Area,
_bDelhi
_e110033
300 _alxxv,1694p.
_c25cm(Hb)
500 _aIncludes index
700 _aDurga Rao, V.
942 _2ddc
_cEN
_mRYD
_h346.54066
999 _c94085
_d94085